Top 5 Scorers in Europe's Top 5 Football Leagues - Statistics

General Stats
  • This quiz has been taken 215 times
    186 since last reset
  • The average score is 18 of 25
Answer Stats
Goals Team Premier League % Correct
35 Real Madrid Cristiano Ronaldo
99%
25 Tottenham Harry Kane
99%
26 Barcelona Lionel Messi
99%
40 Barcelona Luis Suarez
97%
24 Barcelona Neymar Jr
97%
30 Bayern Munich Robert Lewandowski
97%
24 Manchester City Sergio Aguero
96%
24 Leicester City Jamie Vardy
95%
24 Real Madrid Karim Benzema
95%
17 Leicester City Riyad Mahrez
88%
19 Paris Saint-Germain Edinson Cavani
87%
38 Paris Saint-Germain Zlatan Ibrahimovic
87%
18 Everton Romelu Lukaku
85%
20 Bayern Munich Thomas Muller
85%
36 Napoli Gonzalo Higuain
83%
25 Dortmund Pierre-Emerick Aubameyang
77%
21 Lyon Alexandre Lacazette
68%
19 Juventus Paulo Dybala
61%
16 Internazionale Mauro Icardi
58%
15 Koln Anthony Modeste
34%
18 AC Milan Carlos Bacca
33%
17 Leverkusen Javier Hernandez
26%
17 Nice Hatem Ben Arfa
23%
17 Toulouse Wissam Ben Yedder
22%
14 Genoa Leonardo Pavoletti
6%
No matching quizzes found
Score Distribution
Percent of People with Each Score
Percentile by Number Answered
Your Score History
You have not taken this quiz since the last reset